000 00591nam a2200229Ia 4500
003 OSt
005 20221007074156.0
006 a|||||r|||| 00| 0
007 ta
008 221006b |||||||| |||| 00| 0 eng d
024 _a21,749
037 _cTextual
040 _aFLL
_cFLL
_beng
041 _2eng
_aeng
082 _aZ2:8, G6
100 _aSunda E. S.
_9692648
245 0 _aFederal court of India
260 _aMadura
_bHall of Law Research India
_c1936
300 _aiii,162,268p
_ccm.
942 _hZ2:8, G6
_cTEXL
_2CC
999 _c1151436
_d1151436